| 000 | 00375 a2200133 4500 | ||
|---|---|---|---|
| 001 | 91975 | ||
| 082 | _aPR 1758 | ||
| 090 |
_c43927 _d43926 |
||
| 100 | _aSyed Rizwan Haider; Prof Jahangir Kayani, Advisor | ||
| 245 |
_aEMC Testing and Analysis of Airborn Hardwre (VHF Radio) _n66 "B" EC |
||
| 260 |
_aRawalpindi _bNUST _c2009 |
||
| 300 | _a66p | ||
| 500 | _aBE Project Reports | ||
| 942 |
_aCAE NUST _kPR 1758 |
||
| 999 |
_c327048 _d327048 |
||